000
00188nmm a2200085Ia 4500
008
220120s9999||||xx |||||||||||||||||und||
100
_a
LFY
_9
10674
245
0
_a
Knoppix 5.0.1
260
_c
2006
999
_c
138650
_d
138650